书目信息 |
| 题名: |
体育史
|
|
| 作者: | 谭华 主编 | |
| 分册: | ||
| 出版信息: | 北京 高等教育出版社 2009 |
|
| 页数: | 349页 | |
| 开本: | 19cm | |
| 丛书名: | 普通高等教育“十一五”国家级规划教材 | |
| 单 册: | ||
| 中图分类: | G811.9 | |
| 科图分类: | ||
| 主题词: | 体育运动史--世界--高等学校--教材 | |
| 电子资源: | ||
| ISBN: | 978-7-04-027518-6 | |
| 000 | 01178nam0 2200277 450 | |
| 001 | 1730 | |
| 005 | 20161130162731.04 | |
| 010 | @a978-7-04-027518-6@dCNY29.80 | |
| 100 | @a20090904d2009 em y0chiy50 ea | |
| 101 | 0 | @achi |
| 102 | @aCN@b110000 | |
| 105 | @aa z 000yy | |
| 200 | 1 | @a体育史@9ti yu shi@f谭华主编 |
| 210 | @a北京@c高等教育出版社@d2009 | |
| 215 | @a349页@c肖像@d19cm | |
| 225 | 2 | @a普通高等教育“十一五”国家级规划教材@9pu tong gao deng jiao yu shi yi wu guo jia ji gui hua jiao cai |
| 225 | 2 | @a高等学校教材@9gao deng xue xiao jiao cai |
| 330 | @a本书结构完整、史料翔实、内容新颖,对“轴心时代”东西方体育特点及其历史影响、中国体育历史演变的特点、文艺复兴以前相对独立发展的体育文化如何走向体育全球化的过程、体育全球化过程中民族体育文体面临的处境与挑战、体育发展与社会进步之间的复杂联系等问题。 | |
| 333 | @a使用对象:研究生,体育教师、体育管理人员、广大体育爱好者 | |
| 461 | 0 | @12001 @a普通高等教育“十一五”国家级规划教材 |
| 461 | 0 | @12001 @a高等学校教材 |
| 606 | 0 | @a体育运动史@y世界@x高等学校@j教材 |
| 690 | @aG811.9@v4 | |
| 701 | 0 | @a谭华@9tan hua@4主编 |
| 801 | 0 | @aCN@b大连网信软件有限公司图书馆·11@c20161130 |
| 905 | @aZUCC@dG811.9@e75 | |
| 体育史/谭华主编.-北京:高等教育出版社,2009 |
| 349页:肖像;19cm.-(普通高等教育“十一五”国家级规划教材).-(高等学校教材) |
| 使用对象:使用对象:研究生,体育教师、体育管理人员、广大体育爱好者 |
| ISBN 978-7-04-027518-6:CNY29.80 |
| 本书结构完整、史料翔实、内容新颖,对“轴心时代”东西方体育特点及其历史影响、中国体育历史演变的特点、文艺复兴以前相对独立发展的体育文化如何走向体育全球化的过程、体育全球化过程中民族体育文体面临的处境与挑战、体育发展与社会进步之间的复杂联系等问题。 |
| ● |
| 相关链接 |
|
|
|
|
正题名:体育史
索取号:G811.9/75
 
预约/预借
| 序号 | 登录号 | 条形码 | 馆藏地/架位号 | 状态 | 备注 |
| 1 | 908807 | 209088075 | 第一样本阅览室/ [索取号:G811.9/75] | 在馆 | |
| 2 | 908808 | 209088084 | 第四借阅区/ [索取号:G811.9/75] | 在馆 | |
| 3 | 908809 | 209088093 | 第四借阅区/ [索取号:G811.9/75] | 在馆 | |
| 4 | 908810 | 209088100 | 第四借阅区/ [索取号:G811.9/75] | 在馆 | |
| 5 | 908811 | 209088119 | 第四借阅区/ [索取号:G811.9/75] | 在馆 |